01431nab a22002417a 4500999001500000003000400015005001700019008004100036040000700077100003300084245010600117260007200223300001300295500003900308505048500347505008900832650002600921650003000947650002400977650003601001773013901037942001301176 c5919d5919OSt20260114005832.0190605e xxu||||| |||| 00| 0 spa d cPJ 96778aGarcía, Héctor O. 13aFondo de cese de servicios, Ley de Contrato de Trabajo y convenio colectivo /cHéctor O. García.  aCiudad Autónoma de Buenos Aires :bThomson Reuters La Ley,c2024. ap. 35-46 aCita: TR LALEY AR/DOC/3031/2023.  aSumario: I. Introducción: el mandato constitucional.— II. Despido arbitrario y protección de la ley.— III. Panorámica de la protección contra el despido sin causa en el derecho internacional de los derechos humanos.— IV. Sobre la constitucionalidad de la indemnización prevista en el art. 245 LCT y de su eventual sustitución por un sistema de fondo de capitalización.— V. ¿Qué función podría desempeñar el convenio colectivo?— VI. Resumen final.  t¿Te interesa el texto completo? Solicitalo al correo: koha@justierradelfuego.gov.ar 091316aDERECHO LABORAL 091323aCONTRATO DE TRABAJO 091382aINDEMNIZACION 091534aINDEMNIZACION POR DESPIDO0 0271193168dCiudad Autónoma de Buenos Aires : Thomson Reuters La Ley, 1999-2002.tRevista de derecho del trabajo. Nº 1 - Enero 2024 2udccANA